00742cam a2200181 a 450000100100000000500170001000800410002704000250006808200200009310000480011324500260016126000970018730000210028444000660030565000510037195201230042299900150054500000280520200929150247.0730405s1970 sp b 001 f spa  aDO-SdBNPbspacBNPHU a809.3872bR696n1 aRodríguez Joulia Saint-Cyr, Carlos.9886513aLa novela de intriga. aMadrid :bANABA. Asociación Nacional de Bibliotecarios, Archiveros y Arqueólogos,c1970. a126 p. ;c18 cm. 0aBiblioteca profesional de ANABA ;p3 cuadernos :vno. 298866 4aNovela policíacaxHistoria y crítica98867 001052708MOaGRbGRcCTd2009-07-03iLF1l0o809.3872 R696np2805-10r2020-06-25w2020-06-25y2ZPréstamo interno c2639d2639